000
00210nam a22000857a 4500
999
_c
23743
_d
23743
005
20250212124054.0
008
250212b ||||| |||| 00| 0 eng d
040
_c
sk
245
_a
Vojenské omyly druhej svetovej vojny